[Event "88th GER-ch Men 2017"]
[Site "Apolda"]
[Date "2017.06.25"]
[Round "3"]
[White "Buecker, Stefan"]
[Black "Telljohan, Sven"]
[Result "1-0"]
[WhiteElo "2291"]
[BlackElo "2404"]
[Annotator "TA"]
[PlyCount "161"]
[EventDate "2017.??.??"]
[EventType "swiss"]
[EventCountry "GER"]
[SourceTitle "playchess.com"]
[Source "ChessBase"]
[SourceQuality "1"]

{[%evp 10,161,32,34,29,24,25,17,17,16,15,10,9,-9,28,21,13,14,12,-9,81,75,167,167,167,173,165,145,197,207,263,238,239,236,229,223,239,227,220,158,170,178,201,140,218,170,157,143,172,173,190,204,290,172,385,242,241,235,260,262,250,241,250,243,249,223,286,280,392,370,494,473,449,274,269,247,267,266,243,230,237,204,247,231,256,247,249,241,256,256,256,256,256,199,255,249,248,266,282,267,280,264,307,262,371,261,271,235,269,264,240,230,312,224,287,212,319,319,322,322,370,370,323,312,297,280,313,283,288,302,297,296,317,316,315,228,316,298,301,200,220,200,205,195,454,454,532,502,492,408,529,525,854,829]} 1. b3 e5 2. Bb2 Nc6 3. Nf3 d6 4. e3 {[%cal Be2e3,Be3e4][%mdl 32]} Nf6 5. d4 exd4 6. Nxd4 Nxd4 {A01: Nimzowitsch-Larsen Opening} 7. Qxd4 Be7 8. Nc3 c6 $146 {The position is equal.} ({Predecessor:} 8... Be6 9. O-O-O O-O 10. e4 c5 11. Qe3 Qa5 12. f4 Rad8 13. f5 Bd7 14. g4 {½-½ (52) Rambaldi,F (2547)-Lyell,M (2285) Douglas 2015}) 9. e4 O-O 10. Be2 b5 11. Bf3 c5 12. Qe3 {[#] aiming for e5.} b4 {White must now prevent ...Ng4.} 13. Ne2 {[%cal Bc3e2,Be2g3,Bg3f5][%mdl 32]} Bb7 14. Rd1 {And now e5 would win.} Qb6 (14... Re8 $1 $11 {remains equal.}) 15. Ng3 {Threatens to win with Nf5.} Ne8 (15... Rfe8 $16 {was called for.}) 16. Nf5 $18 Qc7 17. O-O Rd8 18. Rfe1 $36 {[%mdl 2048] Black is under strong pressure.} f6 (18... Bc8 $16 {was worth a try.}) 19. Be2 Rf7 20. Bc4 Bf8 21. Bxf7+ Qxf7 22. c4 a5 23. Qg3 {[#] Hoping for Nh6+.} g6 24. f4 a4 25. Nh4 a3 26. Bc1 {f5 is the strong threat.} Rd7 (26... Ng7 $16 27. e5 f5) 27. Qd3 Re7 28. Nf3 Bg7 29. h3 Qe6 {[%cal Rb7e4]} 30. f5 Qc8 (30... Qf7 $142 31. Bf4 Bf8) 31. Bf4 (31. fxg6 $142 hxg6 32. Nh4) 31... Qa8 $2 (31... Bf8 32. h4 Rg7) 32. Nd2 g5 33. Bg3 h5 34. Qf3 h4 35. Bh2 Bf8 36. Re3 Rd7 37. Rde1 Nc7 38. Qg4 Qd8 39. Nf3 Rg7 40. Rd3 Ne8 41. Kh1 Qb6 42. Bg1 Bc6 43. Bf2 Qb7 44. Rde3 Qe7 45. Bg1 Qb7 46. R1e2 Qe7 47. Bh2 Qb7 48. Ne1 Bd7 49. Nd3 Qc8 50. Qf3 Bc6 51. Re1 Qb7 (51... Be7 $142 52. Nf2 Bd8) 52. R3e2 Rh7 53. Nf2 Qf7 54. Rd1 Qb7 55. Ng4 Rf7 56. Kg1 {[%cal Bh1g1,Bg1f1,Bf1e1,Be1d2,Bd2c2][%mdl 32]} Qa8 (56... Re7 $142 57. Nf2 (57. Bxd6 Rd7 $16) 57... Rh7) 57. Kf1 Qb7 58. Ke1 Qa8 59. Kd2 Re7 {[%cal Re7e4]} 60. Rde1 Rf7 61. Kc2 Qb7 62. Kd3 Qd7 (62... Rh7 $142 63. Kc2 Rg7) 63. g3 hxg3 64. Bxg3 ({Weaker is} 64. Qxg3 Rh7 $18) 64... Rh7 65. Rh1 Bg7 66. Kc2 Bf8 67. Qd3 Rh5 68. Kd2 Qh7 69. Reh2 Qe7 70. Nf2 Qg7 71. Qf3 Rh7 72. Ke2 Kf7 73. Kf1 Ke7 74. Kg2 Kd7 75. Rd1 Kc7 76. Rhh1 Qd7 $2 (76... Qf7 {is a better defense.} 77. Ng4 Qe7) 77. Nd3 Ng7 78. Nxc5 Qc8 79. Rd5 Kb6 80. Nd3 Bxd5 81. cxd5 {Precision: White = 72%, Black = 24%.} 1-0

[Event "88th GER-ch Men 2017"]
[Site "Apolda"]
[Date "2017.06.25"]
[Round "3"]
[White "Rehberg, Raphael"]
[Black "Zude, Arno"]
[Result "1-0"]
[WhiteElo "2264"]
[BlackElo "2392"]
[Annotator "TA"]
[PlyCount "83"]
[EventDate "2017.??.??"]
[EventType "swiss"]
[EventCountry "GER"]
[SourceTitle "playchess.com"]
[Source "ChessBase"]
[SourceQuality "1"]

{[%evp 21,83,24,24,24,39,22,74,83,89,84,102,103,104,118,110,107,95,87,126,105,101,99,112,106,125,113,166,61,109,73,72,81,139,143,153,143,140,154,139,116,119,84,90,73,96,0,0,0,81,48,97,93,234,178,587,579,12836,12837,12840,12840,12841,12841,12841,12842]} 1. e4 e5 2. Nf3 Nc6 3. Bc4 Bc5 4. d3 Nf6 5. c3 O-O 6. O-O d6 7. Bb3 a6 8. Nbd2 {[%cal Bb1d2,Bd2f1,Bf1g3][%mdl 32]} Ba7 9. Re1 Kh8 {C54: Giuoco Piano: 4 c3 Nf6, main lines with 5 d4 and 5 d3} 10. h3 Ng8 11. Nf1 f5 {LiveBook: 3 Games. White has an edge.} 12. exf5 Bxf5 13. Ng3 {[#]} Bd7 $146 (13... Bg6 $11 {remains equal.}) ({Predecessor:} 13... Bg6 14. d4 exd4 15. cxd4 Nf6 16. Be3 Qd7 17. d5 {1-0 (41) Sikula,V (2528)-Vajda,L (2582) Slovakia 2009}) 14. d4 exd4 15. Bg5 Qc8 16. cxd4 {[%cal Bc3d4,Bd4d5][%mdl 32]} Nf6 17. d5 Ne5 18. Nxe5 dxe5 19. Be3 ({Don't play} 19. Rxe5 $6 Bxf2+ 20. Kh2 Qb8 $11) 19... Re8 20. Rc1 Bxe3 21. Rxe3 Qb8 22. Qd3 c6 23. d6 Qa7 (23... a5 $16) 24. Qc3 (24. Qe2 $18) 24... e4 25. Qe1 {[%cal Rg3e4]} Qd4 26. Rd1 Qxb2 (26... Qe5 $142) 27. Nxe4 $16 Nxe4 28. Rxe4 Rxe4 29. Qxe4 {Strongly threatening Qe7.} Re8 {[#]} 30. Qb4 $1 {[%cal Rb4b7]} b5 31. Qa5 Rf8 32. Qb6 ({Much weaker is} 32. Qxa6 $6 Qxf2+ 33. Kh1 Bxh3 $11) 32... Qf6 33. Bc2 (33. Qa7 $16 Qf5 34. Rf1 (34. g4 Qf3 $11)) 33... c5 $11 34. Rf1 Qg5 (34... Be6 $11) 35. Qxa6 {Qb7 is the strong threat.} c4 36. Qb7 Bxh3 (36... Qd8 $16) 37. d7 $40 {[%mdl 128] Black is in trouble.} Rd8 $2 (37... Bg4 38. Qe4 Kg8) 38. Re1 $18 {[#] White wants to mate with Re8+.White is clearly winning.} Be6 39. Rxe6 {Threatening mate with Re8+.} Qc1+ 40. Kh2 {Re8+ would kill now.} Qf4+ 41. g3 Qxf2+ 42. Qg2 {Precision: White = 56%, Black = 28%.} 1-0

[Event "88th GER-ch Men 2017"]
[Site "Apolda"]
[Date "2017.06.25"]
[Round "3"]
[White "Schulz, Karsten"]
[Black "Middelhoff, Cornelius"]
[Result "1/2-1/2"]
[WhiteElo "2264"]
[BlackElo "2131"]
[Annotator "TA"]
[PlyCount "115"]
[EventDate "2017.??.??"]
[EventType "swiss"]
[EventCountry "GER"]
[SourceTitle "playchess.com"]
[Source "ChessBase"]
[SourceQuality "1"]

{[%evp 18,115,20,13,22,0,0,0,2,4,0,-11,-10,-11,-11,-12,-23,-35,-32,-26,-31,-35,-18,-12,-10,-25,-19,-26,-27,-26,-9,-39,-20,-57,-14,-69,-45,-67,-52,-55,-42,-45,-38,-45,-43,-44,-36,-52,-18,-20,-20,-31,-15,-61,0,0,0,0,0,-6,0,-19,0,0,0,0,0,0,0,0,0,0,0,0,0,0,0,0,0,0,0,0,0,0,0,0,0,0,0,0,0,0,0,0,0,0,0,0,0,0]} 1. Nf3 c5 2. c4 Nf6 3. g3 b6 4. Bg2 Bb7 5. Nc3 e6 6. O-O Be7 7. b3 O-O 8. Bb2 d6 9. d3 Nc6 {A30: Symmetrical English: Double Fianchetto and Hedgehog} (9... Nbd7 10. e4 Qc7 11. Qe2 Rfe8 12. Rfd1 Rad8 13. Rac1 Qb8 14. d4 d5 15. cxd5 exd5 16. e5 cxd4 17. Nb5 Bc5 {½-½ (38) Hamidi,A (2187)-Gholami Orimi,M (2256) Shiraz 2017}) 10. e4 {LiveBook: 5 Games} e5 11. Ng5 $146 ({Predecessor:} 11. Nd5 Bc8 12. Qd2 Nh5 13. Rae1 f5 14. exf5 Rb8 15. g4 Nf6 16. Nxf6+ Bxf6 {1-0 (53) Sakr,N (2121)-Jabbour,G Beirut 2007}) 11... Nd7 12. Nh3 Nd4 13. f4 a6 14. Qd2 b5 15. Nd5 Bxd5 16. exd5 Bf6 17. Rf2 exf4 18. Nxf4 b4 19. Raf1 Be5 20. Bh3 Nf6 21. Ne2 Nxe2+ 22. Rxe2 Bxb2 23. Qxb2 Re8 24. Ref2 Qe7 25. Kh1 Qe5 26. Qd2 ({White should try} 26. Qxe5 $11 Rxe5 27. a3) 26... Qe3 27. Qd1 Re5 28. Rf4 Rae8 29. Kg2 Qe2+ 30. R4f2 Qxd1 31. Rxd1 a5 32. Bf5 R8e7 33. d4 cxd4 34. Rxd4 Ne8 35. Rdd2 Rc7 ({Black should play} 35... g6 $15 36. Bd3 f5) 36. Rfe2 {The position is equal.} (36. a3 {keeps more tension.} Nf6 37. axb4 axb4 38. Ra2 g6 39. Bc2) 36... Rxe2+ 37. Rxe2 $11 {[%cal Re2e8][%mdl 4096] [#] Endgame KRB-KRN} Kf8 38. Kf2 Nf6 39. Kf3 Re7 (39... g6 {with more complications.} 40. Bd3 Nd7 41. Ke3 Nc5 42. Bc2 Re7+) 40. Rxe7 Kxe7 {KB-KN} 41. Ke3 g6 42. Bh3 Nd7 43. Bxd7 Kxd7 {KP-KP} 44. g4 {Strongly threatening g5.} f6 45. Kf4 Kc7 46. Ke4 Kb7 47. Kd4 Kb6 48. h3 {[%cal Bh2h3,Bh3h4,Bh4h5][%mdl 32]} Kc7 49. h4 Kb6 50. Ke4 Kb7 51. Kf4 Kb6 52. h5 Kb7 53. Ke4 Kc7 54. Kd3 Kb7 55. Ke3 Kc7 56. Kd4 Kb6 57. h6 Kc7 58. Ke4 {Precision: White = 53%, Black = 68%.} 1/2-1/2

[Event "88th GER-ch Men 2017"]
[Site "Apolda"]
[Date "2017.06.25"]
[Round "3"]
[White "Kersten, Uwe"]
[Black "Dobierzin, Olaf"]
[Result "1/2-1/2"]
[WhiteElo "2257"]
[BlackElo "2020"]
[Annotator "TA"]
[PlyCount "107"]
[EventDate "2017.??.??"]
[EventType "swiss"]
[EventCountry "GER"]
[SourceTitle "playchess.com"]
[Source "ChessBase"]
[SourceQuality "1"]

{[%evp 13,107,11,24,16,47,50,49,2,50,12,56,6,44,20,12,8,11,7,41,39,64,67,59,55,83,89,99,58,56,58,45,45,71,71,78,71,71,67,71,70,71,71,79,71,81,72,83,76,78,67,76,73,72,54,75,56,81,83,129,0,110,51,96,54,90,54,70,84,129,91,90,54,91,59,187,77,81,75,148,58,116,116,120,110,205,178,172,170,152,112,146,-112,0,0,73,56]} 1. d4 Nf6 2. Bf4 g6 3. e3 Bg7 4. Nf3 d6 5. Be2 Nbd7 6. O-O O-O 7. h3 c5 8. Nc3 {A48: 1 d4 Nf6 2 Nf3 g6: Torre, London and Colle Systems} (8. c3 b6 9. Bh2 Bb7 10. a4 a6 11. Nbd2 Qc7 12. Rc1 Rfe8 13. Qb3 Bd5 14. Bc4 Bxc4 15. Nxc4 Rab8 16. Ng5 Rf8 17. Ra1 h6 18. Nf3 Rfc8 19. Ncd2 Qc6 {0-1 (49) Kayumov,S (2505)-Mamedov,R (2688) Doha 2016}) 8... b6 9. d5 Ne8 $146 ({Predecessor:} 9... Bb7 10. e4 Nh5 11. Bh2 f5 12. Ng5 Qc8 {1-0 (31) Lanier,J-Ong,A LSS email 2007}) 10. a4 {White is slightly better.} a6 11. Re1 Ne5 12. Nd2 Bd7 13. Bg3 {Black must now prevent f4.} f5 14. f4 Nf7 15. Bh4 Bf6 (15... Nc7 {is interesting.} 16. e4 b5 17. exf5 Bxf5 18. axb5 axb5 19. Nxb5 Rxa1 20. Qxa1 g5) 16. Bxf6 Nxf6 17. e4 fxe4 18. Ndxe4 Nxe4 19. Nxe4 b5 20. axb5 (20. a5 {looks sharper.} Rb8 21. c3 Re8 22. Bg4 Bxg4 23. hxg4 Qd7 24. g5) 20... axb5 21. Rxa8 Qxa8 22. Qd2 b4 23. Bc4 Qb7 24. Nf2 Re8 25. b3 Qc8 26. Qe2 Qb7 27. Kh2 Nh6 28. g4 Kg7 29. Kg3 Nf7 30. Qd2 Kg8 31. Re3 Kg7 32. Qe1 Kf8 33. Qe2 Qb6 34. h4 Nh6 35. Qf3 Kg7 36. Qe2 Kf8 $1 37. Qd3 (37. Qe1 $16) 37... Kg7 38. Re4 Qb7 39. Qe2 Kf8 40. Qd2 Kg7 41. Re1 Qc8 {[%cal Rd7g4]} 42. Qe2 Qb7 43. Ra1 {[%cal Be1a1,Ba1a5,Ba5a7][%mdl 32]} Kf8 (43... Ng8 $14) 44. Qd2 (44. h5 $18) 44... Kg7 $16 45. Qe1 Kf8 (45... Bb5 $142) 46. Qc1 (46. h5 $1 $16) 46... Kg8 (46... Ra8 $14) 47. Qh1 Kg7 48. Ra5 Rb8 (48... Qc7 $16 {keeps fighting.} 49. Qa1+ Kg8) 49. Qa1+ Kg8 50. Ra7 Qc8 51. Ba6 Qd8 52. Bb7 $2 {[%mdl 8192] [#]} (52. Bd3 $16) 52... Nxg4 (52... Bxg4 $1 $17 {[%mdl 512] ...Be2 is the strong threat.} 53. Nxg4 Nxg4) 53. Bc6 $11 ({But not} 53. Nxg4 Bxg4 54. Kxg4 Rxb7 $17) 53... Nf6 (53... Nxf2 $11 54. Rxd7 Ne4+ 55. Kf3 Nd2+ 56. Ke3 Qf8) 54. Bxd7 {Precision: White = 38%, Black = 30%.} 1/2-1/2

[Event "88th GER-ch Men 2017"]
[Site "Apolda"]
[Date "2017.06.25"]
[Round "3"]
[White "Bussard, Christian"]
[Black "Schmidt-Schaeffer, Sebastian"]
[Result "1/2-1/2"]
[WhiteElo "2251"]
[BlackElo "2380"]
[Annotator "TA"]
[PlyCount "146"]
[EventDate "2017.??.??"]
[EventType "swiss"]
[EventCountry "GER"]
[SourceTitle "playchess.com"]
[Source "ChessBase"]
[SourceQuality "1"]

{[%evp 16,146,0,-2,0,-20,-14,-53,-48,-55,-47,-54,-48,-56,-46,-56,0,-12,-32,-57,-60,-76,-78,-76,-76,-70,-74,-69,-75,-82,-69,-76,-62,-94,-87,-106,-114,-98,-58,-65,-43,-45,-48,-47,-40,-53,-32,-34,-16,-18,0,0,0,-53,0,0,14,0,58,15,129,0,0,0,0,-34,-17,-53,-53,-53,-53,-53,-53,-53,-53,-53,-53,-53,0,-53,0,0,0,-53,0,0,0,0,0,0,0,-8,29,-8,0,0,0,0,0,-53,-53,-53,-53,-53,-18,-27,-20,-36,-8,-57,-57,-57,-20,-57,-27,-50,-50,-50,-57,-72,-9,-9,-9,-9,-9,-9,-9,-9,-9,-9,0,-9,0]} 1. e4 c5 2. Nf3 e6 3. d4 cxd4 4. Nxd4 Nf6 5. Bd3 Nc6 6. Nxc6 dxc6 7. O-O e5 8. Bg5 h6 {B40: Sicilian: 2...e6, Unusual lines} 9. Bh4 {LiveBook: 5 Games} Qb6 (9... g5 10. Bg3 Bd6 11. Nd2 Qe7 12. Nc4 Bc7 13. Ne3 h5 14. h3 h4 15. Bh2 Rg8 16. Ng4 Bxg4 17. hxg4 {1-0 (58) Matviishen,V (2364)-Baghdasaryan,V (2372) Yerevan 2015}) 10. b3 $146 ({Predecessor:} 10. Qc1 Be6 11. Kh1 Nh5 12. Nd2 Nf4 13. Bc4 Bxc4 14. Nxc4 Qd4 15. b3 Qxe4 16. f3 {0-1 (30) Krca,M (2025)-Vavruska,A (2111) Czechia 2010}) 10... Bg4 11. Qc1 g5 12. Bg3 Qd4 $1 {[%cal Rd4a1]} 13. Nd2 {[%cal Bb1d2,Bd2c4,Bc4e3][%mdl 32]} Nh5 $1 14. Nc4 Nxg3 15. hxg3 Bc5 (15... f6 $15) 16. Ne3 (16. b4 $5 Bb6 17. a4 $11) 16... Be6 17. Rd1 Qc3 $1 18. Qd2 Qxd2 19. Rxd2 Bxe3 20. fxe3 Rd8 21. Kf2 Ke7 22. Rh1 f6 23. Ke1 Bf7 24. Rf2 h5 25. Rhf1 Rd6 26. Rh1 c5 27. g4 $1 Rdd8 28. gxh5 Rxh5 29. Rxh5 Bxh5 $15 {[%mdl 4096] Endgame KRB-KRB} 30. g3 Bg6 31. Rh2 a6 32. a4 a5 (32... b5 $5) 33. Ke2 b6 34. Ke1 (34. Rh1 $11) 34... Rf8 ({Black should play} 34... Kf7 $1 $15) 35. Kd2 $11 Kf7 (35... c4 $5 36. Bxc4 Rd8+ 37. Ke2 Bxe4 $11) 36. Kc3 Kg7 (36... Rd8 $11) 37. Kc4 $1 $14 {Hoping for Kb5.} Rd8 (37... Rb8 $1 $11 {keeps the balance.}) 38. Kc3 (38. Kb5 $16) 38... Rd6 39. Rh1 Be8 40. Rh2 Bc6 41. Rh3 Rd8 42. Rh2 Rc8 43. Kd2 Rf8 44. Kc3 Rd8 45. Kc4 Bd7 46. Kc3 Be8 (46... Rh8 $1 $15 47. Rxh8 Kxh8) 47. Kc4 (47. Rd2 $11) 47... Bf7+ (47... Kg6 $1 $15) 48. Kc3 Be6 49. Rh1 (49. Rd2 $11) 49... Bg4 (49... Rh8 $1 $15 50. Rxh8 Kxh8) 50. Rh2 $11 Bf3 51. Rf2 Bg4 52. Rh2 Kg6 53. Kc4 Be6+ 54. Kc3 Rc8 55. Rh1 Bd7 56. Ba6 Ra8 57. Bd3 ({Better is} 57. Bc4 $11) 57... Bc6 $15 58. Rh2 Kg7 59. Rh3 c4 60. Bxc4 Bxe4 61. Rh2 Rd8 62. Rd2 (62. Bd3 {is more complex.} Bxd3 63. cxd3 Rc8+ 64. Kd2 f5 65. Rh1) 62... Rxd2 63. Kxd2 {KB-KB} Kf8 64. c3 Ke7 65. Bb5 Kd6 66. b4 Kd5 67. Ba6 {[#] Black must now prevent Bb7+.} Bg6 ({Black should try} 67... Kc6 $17) 68. e4+ $11 {The position is equal.} Kd6 69. Bd3 Be8 70. Bc2 Bc6 71. Ke3 Ke7 72. Bb3 Kd6 73. Bc2 Ke7 {Precision: White = 60%, Black = 48%.} 1/2-1/2

[Event "88th GER-ch Men 2017"]
[Site "Apolda"]
[Date "2017.06.25"]
[Round "3"]
[White "Goepfert, Jakob"]
[Black "Neyman, Igor"]
[Result "1/2-1/2"]
[WhiteElo "2099"]
[BlackElo "2308"]
[Annotator "TA"]
[PlyCount "166"]
[EventDate "2017.??.??"]
[EventType "swiss"]
[EventCountry "GER"]
[SourceTitle "playchess.com"]
[Source "ChessBase"]
[SourceQuality "1"]

{[%evp 15,166,0,1,-11,-7,-30,0,-10,0,-15,0,-13,0,-7,-1,-20,-36,-51,-53,-61,-44,-60,-48,-112,-57,-60,-26,-17,5,-9,-12,-23,-12,-9,14,18,26,0,39,34,89,83,70,65,254,241,269,208,210,200,201,213,380,368,383,371,348,131,129,0,200,225,246,247,355,209,177,0,359,359,422,433,451,489,492,497,481,288,280,106,108,116,109,59,56,54,56,54,96,96,96,96,96,96,96,96,96,96,96,96,96,96,96,96,161,96,162,121,96,96,97,97,793,862,875,705,831,467,831,467,467,467,832,467,243,453,544,119,1468,979,954,962,944,951,950,908,948,873,948,785,785,467,467,467,467,467,467,467,467,467,467,467,467]} 1. d4 Nf6 2. c4 e6 3. Nc3 Bb4 4. e3 O-O 5. Nge2 d5 6. a3 Be7 7. Nf4 Re8 {E46: Nimzo-Indian: Rubinstein: 4 e3 0-0 5 Ne2 without early Bd3} 8. cxd5 exd5 {LiveBook: 57 Games} 9. Be2 (9. Bd3 Bd6 10. O-O Bxf4 11. exf4 Nc6 12. Be3 Ne7 13. Qc2 g6 14. f3 h5 15. Qd2 Bf5 16. Be2 {½-½ (47) So,W (2770)-Karjakin,S (2773) Bilbao 2016}) 9... c6 {The position is equal.} 10. Qc2 $146 ({Predecessor:} 10. O-O Nbd7 11. b4 a6 12. f3 Bd6 13. Nd3 Nf8 14. Qe1 Qc7 15. Kh1 Bf5 16. Bd2 {1-0 (40) Byrne,D-Averbakh,Y New York 1954}) 10... a5 11. O-O Na6 {[%cal Bb8a6,Ba6c7,Bc7e6][%mdl 32]} 12. Bd2 Bd6 13. Rac1 Nc7 14. Bd3 g6 15. Rfe1 Ne6 16. Nce2 Ng7 17. Ng3 Bd7 18. Bc3 h5 19. f3 (19. Nf1 $15) 19... h4 (19... Rxe3 $1 $17 20. Rxe3 Bxf4) 20. Nf1 $15 Qc7 21. Qf2 g5 22. Nh3 Bxh3 $1 23. gxh3 Re6 24. Qg2 Nh7 25. Kh1 Qe7 26. Qg4 Nf8 27. Rc2 {[%cal Bc1c2,Bc2g2,Bg2g5][%mdl 32]} Ng6 (27... a4 $14) 28. Rg2 $16 Qf6 29. Ree2 Be7 $2 ({Better is} 29... b5 $1 $14) 30. Ref2 $18 Bd6 31. Qxg5 Qxg5 32. Rxg5 Be7 33. Rg1 f5 $2 (33... Bf8 {is a better defense.} 34. Rfg2 Rf6) 34. Rfg2 Kh7 {[#]} 35. e4 $1 {[%mdl 512]} Rf8 (35... dxe4 36. fxe4) 36. exd5 $2 (36. Ne3 $18 {and White stays clearly on top.} Nh5 37. e5 (37. exf5 Rxe3 38. fxg6+ Kg7 $16)) 36... cxd5 $16 37. Bxa5 (37. Bd2 $16 {And now Ne3 would win.} Nh5 38. Ne3 (38. Bxa5 Ngf4 $17)) 37... Rf7 $2 (37... Nh5 $11 {and Black stays safe.}) 38. Bd2 $18 Bd6 39. Ne3 Ne7 (39... Bf4 $142) 40. Rg4 (40. Bb1 $142) 40... Ng6 41. R4g2 $2 (41. Rg5 $1 {[%cal Re3f5]} Bf4 42. Nxf5 Bxg5 43. Rxg5 Nxf5 44. Bxf5) 41... Ne7 $1 42. Bb1 Bb8 43. Ba2 Rd6 44. Bb4 Rd7 45. Bxe7 Rfxe7 {[#]} 46. Nxd5 (46. Nxf5 $142 $1 {[%mdl 512]} Rf7 (46... Nxf5 47. Bb1) 47. Nxh4) 46... Re6 47. Nf4 $2 (47. Rg5 $18 {is more deadly.}) 47... Bxf4 $16 {[#]} 48. Rxg7+ $1 {[%mdl 512]} Rxg7 49. Rxg7+ (49. Bxe6 {keeps more tension.} Rxg1+ 50. Kxg1 Kg6 51. b3 Kf6 52. Bc8) 49... Kxg7 50. Bxe6 {[%mdl 4096] Endgame KB-KB} Bc1 51. b3 Bxa3 52. Bxf5 Kf6 53. Be4 b6 54. Kg2 Bb2 55. d5 Bc1 56. Kf2 Bf4 57. Ke2 $1 Ke5 58. Kd3 Bxh2 59. Kc4 Kd6 (59... Bg1 $16 60. Kb5 Kd6) 60. Kb5 (60. Bf5 $18) 60... Kc7 (60... Bg1 $16 {was worth a try.} 61. f4 Kc7) 61. Bg6 Bg1 62. f4 Bd4 63. Kc4 Bb2 $2 {[%mdl 8192]} (63... Be3 $16) 64. Kd3 $1 $18 {[%cal Rd3e3]} Kd6 65. Ke4 $1 Bc3 66. Bh5 Bd2 (66... Bg7 $142 67. Bf3 Bb2) 67. Bf3 Bc1 68. Kf5 Bd2 (68... Ke7 $142 69. Kg4 Be3 70. Kxh4 Bxf4) 69. Kg5 Ke7 70. Kxh4 $2 (70. Kg4) 70... Bxf4 {[#]} 71. Kg4 $2 (71. Kh5 $1 $18 {[%cal Rh5g6]} Kf6 72. Kg4) 71... Bd6 $2 {[%mdl 8192]} (71... Bd2 $16 72. h4 Kf6) 72. h4 {White is clearly winning.} Kf6 73. h5 Bf8 {[#]} 74. Kf4 $1 Bd6+ 75. Ke4 Bf8 76. Bg4 Ba3 77. Be2 Bf8 78. Kd4 Bg7 79. Kc4 Ke5 80. Bf3 {Kb5 is the strong threat.} Kd6 81. Kb5 Kc7 82. d6+ Kxd6 83. Kxb6 Ke6 {[%mdl 32768] Precision: White = 57%, Black = 40%. . An unexpected result.} 1/2-1/2

[Event "88th GER-ch Men 2017"]
[Site "Apolda"]
[Date "2017.06.26"]
[Round "4"]
[White "Nisipeanu, Liviu-Dieter"]
[Black "Donchenko, Alexander"]
[Result "1-0"]
[WhiteElo "2683"]
[BlackElo "2573"]
[Annotator "TA"]
[PlyCount "57"]
[EventDate "2017.??.??"]
[EventType "swiss"]
[EventCountry "GER"]
[SourceTitle "playchess.com"]
[Source "ChessBase"]
[SourceQuality "1"]

{[%evp 15,57,15,19,20,22,6,13,-9,0,-12,25,0,45,45,50,43,62,52,59,56,59,52,50,54,60,55,39,43,49,50,47,25,297,297,294,291,1153,1135,820,999,872,837,677,657]} 1. d4 Nf6 2. Nf3 e6 3. c4 c5 4. e3 d5 5. cxd5 Nxd5 6. e4 Nf6 7. Nc3 cxd4 8. Nxd4 e5 9. Bb5+ {D06: Queen's Gambit: Symmetrical and Baltic Defences} (9. Ndb5 a6 10. Qxd8+ Kxd8 11. Na3 Be6 12. f3 Bc5 13. Nc2 Nc6 14. Bg5 Ke7 15. Ne3 Nb4 16. Rc1 h6 {½-½ (27) Nepomniachtchi,I (2702)-Svidler,P (2740) Nizhnij Novgorod 2013}) 9... Bd7 10. Nf5 Bxb5 11. Nxb5 $146 {The position is equal.} ({Predecessor (2):} 11. Qxd8+ Kxd8 12. Nxb5 Nxe4 13. Be3 g6 14. Ng3 Nxg3 15. hxg3 Nc6 16. Bg5+ Kc8 {1-0 (62) Moore,H-Morin,G Seattle 1986}) 11... Qa5+ 12. Nc3 g6 (12... Nxe4 $5 13. O-O Nxc3 14. bxc3 Nc6 $11) 13. Ne3 Bb4 (13... Nxe4 $5 14. Qd5 Qxd5 15. Nexd5 Nxc3 16. bxc3 Na6 $11) 14. O-O $36 {[%mdl 2048] And now Ncd5 would win. White fights for an advantage.} Bxc3 15. bxc3 Qxc3 16. Rb1 {Qd6 is the strong threat.} O-O 17. Rxb7 Qc6 18. Nd5 Nxd5 $1 19. Qxd5 Qxd5 20. exd5 Rd8 21. Re7 {aiming for f4.} Nd7 22. f4 exf4 23. Bxf4 {Strongly threatening Bc7.} Nf6 $2 {[%mdl 8192] [#]} (23... Nb6 $1 $11 {and Black is okay.}) 24. Bc7 $1 $18 {[%csl LRd8,LRf6][%cal Rc7d8]} Re8 {[#]} 25. d6 $1 Nd5 $2 (25... Kg7 26. Rxf6 Kxf6) 26. Rxe8+ {White is clearly winning.} Rxe8 27. d7 Nxc7 28. dxe8=Q+ Nxe8 29. Rc1 {Precision: White = 81%, Black = 40%.} 1-0

[Event "88th GER-ch Men 2017"]
[Site "Apolda"]
[Date "2017.06.26"]
[Round "4"]
[White "Buhmann, Rainer"]
[Black "Rehberg, Raphael"]
[Result "1/2-1/2"]
[WhiteElo "2590"]
[BlackElo "2264"]
[Annotator "TA"]
[PlyCount "81"]
[EventDate "2017.??.??"]
[EventType "swiss"]
[EventCountry "GER"]
[SourceTitle "playchess.com"]
[Source "ChessBase"]
[SourceQuality "1"]

{[%evp 10,81,19,21,23,13,33,22,34,31,31,41,46,0,0,-17,-14,-25,-11,-4,-21,-21,0,0,0,-15,0,0,0,0,0,-21,-14,-10,0,0,0,0,0,0,3,4,6,0,0,0,0,0,0,0,0,0,0,0,0,0,0,0,0,0,0,0,0,0,0,0,0,0,0,0,0,0,0,0]} 1. e4 c5 2. Nf3 e6 3. d4 cxd4 4. Nxd4 a6 5. g3 d5 6. Nb3 {LiveBook: 4 Games. B41: Sicilian: Kan Variation: 5 c4} (6. Nf3 Nf6 7. exd5 Qxd5 8. Nbd2 Nc6 9. Bg2 Bc5 10. O-O O-O 11. c3 Qd8 12. Qe2 Qe7 13. Nc4 Nd5 14. a4 {½-½ (46) Ponkratov,P (2603)-Bocharov,D (2602) Khanty-Mansiysk 2013}) 6... dxe4 7. Qxd8+ Kxd8 8. N1d2 $146 {White is slightly better.} ({Predecessor:} 8. Nc3 f5 9. Bf4 Nf6 10. O-O-O+ Nbd7 11. Bc4 Ke7 12. Rd6 e5 13. Re6+ Kd8 14. Bxe5 Nxe5 15. Rxe5 {½-½ (38) Veinger,I (2395)-Beim,V (2480) Rishon Le Ziyyon 1991}) 8... Nf6 9. Bg2 b5 10. Nxe4 Bb7 11. f3 Nbd7 12. Bd2 Rc8 13. O-O-O Ke8 14. Rhe1 {The position is equal.} Nxe4 15. fxe4 Nc5 {aiming for ...Nd3+.} 16. Bc3 Nxb3+ 17. axb3 Rd8 18. Bd4 h5 19. h4 Be7 20. Bf3 f6 21. c3 g6 22. b4 e5 23. Bb6 Rxd1+ 24. Bxd1 Bd8 25. Bc5 Rh7 26. Bb3 Rc7 27. Bd5 Be7 28. Bxb7 Rxb7 $11 {[%mdl 4096] Endgame KRB-KRB} 29. Kc2 Rc7 30. Ra1 Rc6 $1 31. Kd3 Kd7 32. b3 f5 33. Bxe7 Kxe7 {KR-KR} 34. c4 fxe4+ 35. Kxe4 bxc4 36. bxc4 Rxc4+ 37. Kxe5 Rxb4 38. Rxa6 Rb5+ 39. Kf4 (39. Ke4 $5 {[%cal Ra6g6]}) 39... Kf7 40. Ra7+ Kf6 41. Ra6+ {Precision: White = 74%, Black = 80%.} 1/2-1/2